Statistics for Luxembourg quiz (Medium)

Click here to take the quiz!

General Stats

  • This quiz has been taken 7 times
  • The average score is 7 of 15

Answer Stats

HintAnswer% Correct
How many regions exist in luxembourg3
100%
How many languages are commonly spoken in Luxembourg3
100%
How many cantons are in Luxembourg12
80%
Capital of LuxembourgLuxembourrg City
80%
Full name of this countryGrand duchy of Luxembourg
40%
Whats the name of the grand dukeHenri
40%
Name of the national airlinerLuxair
40%
Name of the luxembourgish milk brandLuxlait
40%
Colours of the flagred white blue
40%
Names of the aboveFrench
German
Luxembourgish
20%
Whats the name of the golden monument in the capital?Golden Lady
20%
Name of the luxembourgish dish similar to HashbrownsGromperekichelcher
20%
Name of the prime ministerLuc frieden
20%
Name of the national AnthemOns Heemescht
20%
Name of a luxembourgish festive that occurs every augustSchueberfouer
20%

Score Distribution

Percentile by Number Answered

Percent of People with Each Score

Your Score History

You have not taken this quiz